00554cam a22001932 450000100060000000300080000600500170001400800410003103500190007204000330009104100080012408200200013210000470015224500540019926000400025330000210029365000240031474000220033820164BD-RjUL20211209000529.0140226s1953 nyu 000 0 eng d a(BD-RjUL)20226 aDLCcCarPdDLCdBD-RjULbeng aeng00a330.9bBEH 19531 aBell, John Fred,d1898- [from old catalog]12aA history of economic thought /c John Fred, Bell aNew York :bRonald Press Co.,c1953 a696 p. ;c24 cm. 0aEconomicsxHistory. aEconomic thought.